000 00224nam a2200097Ia 4500
005 20251222114353.0
008 251222s1900||||xx |||||||||||||| ||spa||
082 _aDVD0010/M22/2003
245 0 _aFuego contra fuego:
942 _cDVD
999 _c1335
_d1335